[Event "Titled Tuesday intern op 02nd Apr Early"]
[Site "Chess.com INT"]
[Date "2024.04.02"]
[Round "9"]
[White "Bonaveri, Agustin"]
[Black "Cabralis, Quinn"]
[Result "1/2-1/2"]
[WhiteElo "2367"]
[BlackElo "2169"]
[PlyCount "78"]
[EventDate "2024.04.02"]
[EventType "swiss (blitz)"]
[EventRounds "11"]
[EventCountry "USA"]
[SourceTitle "CB15_2024"]
[SourceDate "2024.04.10"]
[SourceVersion "1"]
[SourceVersionDate "2024.04.10"]
[SourceQuality "1"]

1. d4 d5 2. Nf3 Nf6 3. e3 e6 4. Bd3 Bd6 5. c3 0-0 6. Ne5 c5 7. f4 Ne4 8. 0-0 f6 9. Nf3 Nc6 10. Nbd2 f5 11. Ne5 Nxe5 12. fxe5 Be7 13. Nxe4 fxe4 14. Be2 Bd7 15. Bd2 Qb6 16. Qb3 c4 17. Qxb6 axb6 18. Rxf8+ Rxf8 19. Rf1 Ra8 20. a3 b5 21. Bd1 Rf8 22. Rxf8+ Kxf8 23. Be1 Bg5 24. Bf2 Kf7 25. Kf1 Kg6 26. g3 h5 27. h4 Bh6 28. Kg2 Be8 29. Be2 Kf5 30. Bd1 g5 31. Kh3 gxh4 32. gxh4 Kg6 33. Be2 Kg7 34. Bg1 Bg6 35. Kg3 Kh7 36. Bf2 Bg7 37. Bg1 Bh6 38. Bf2 Bf8 39. Bg1 Bh6 1/2-1/2

[Event "LNA Puma Cup"]
[Site "Argentina"]
[Date "2006.09.16"]
[Round "3"]
[White "Bonaveri, Agustin"]
[Black "Garzon, Enrique"]
[Result "1/2-1/2"]
[WhiteElo "2367"]
[BlackElo "2206"]
[PlyCount "56"]
[EventDate "2006.09.03"]
[EventType "swiss"]
[EventRounds "8"]
[EventCountry "ARG"]
[SourceTitle "EXT 2008"]
[Source "ChessBase"]
[SourceDate "2007.11.25"]
[SourceVersion "1"]
[SourceVersionDate "2007.11.25"]
[SourceQuality "1"]

1. e4 e5 2. Nf3 Nf6 3. Nc3 Nc6 4. d4 exd4 5. Nxd4 Bb4 6. Nxc6 bxc6 7. Bd3 d5 8. exd5 cxd5 9. 0-0 0-0 10. Bg5 c6 11. Qf3 Be7 12. h3 h6 13. Bf4 Bd6 14. Ne2 Rb8 15. Nd4 Qc7 16. Bxd6 Qxd6 17. b3 Re8 18. Rfe1 Bd7 19. Nf5 Bxf5 20. Qxf5 Re7 21. Rxe7 Qxe7 22. a4 a5 23. Kf1 Re8 24. Qf4 Kf8 25. Qd2 Qe5 26. Re1 Qxe1+ 27. Qxe1 Rxe1+ 28. Kxe1 Ke7 1/2-1/2

[Event "Golden Valley rap"]
[Site "Viedma"]
[Date "2002.08.??"]
[Round "3"]
[White "Bonaveri, Agustin"]
[Black "De Dovitiis, Alejo"]
[Result "1/2-1/2"]
[WhiteElo "2356"]
[BlackElo "2398"]
[PlyCount "54"]
[EventDate "2002.08.23"]
[EventType "tourn (rapid)"]
[EventRounds "9"]
[EventCountry "ARG"]
[EventCategory "6"]
[SourceTitle "EXT 2003"]
[Source "ChessBase"]
[SourceDate "2002.11.25"]
[SourceVersion "1"]
[SourceVersionDate "2002.11.25"]
[SourceQuality "1"]

1. e4 e5 2. Nf3 Nf6 3. Nxe5 d6 4. Nf3 Nxe4 5. Qe2 Qe7 6. d3 Nf6 7. Bg5 Qxe2+ 8. Bxe2 Be7 9. Nc3 c6 10. 0-0-0 Na6 11. Rhe1 Nc7 12. Ne4 Nxe4 13. dxe4 Bxg5+ 14. Nxg5 Ke7 15. h3 f6 16. Nf3 Ne6 17. Bf1 Rd8 18. Nd4 Nxd4 19. Rxd4 Be6 20. Be2 Rd7 21. Bg4 Re8 22. Kd1 Kd8 23. c4 Kc7 24. Re2 Rde7 25. Bxe6 Rxe6 26. Red2 Rxe4 27. Rxd6 R8e7 1/2-1/2

[Event "Golden Valley rap"]
[Site "Viedma"]
[Date "2002.08.??"]
[Round "7"]
[White "Bonaveri, Agustin"]
[Black "Fiorito, Fabian"]
[Result "0-1"]
[WhiteElo "2356"]
[BlackElo "2391"]
[PlyCount "39"]
[EventDate "2002.08.23"]
[EventType "tourn (rapid)"]
[EventRounds "9"]
[EventCountry "ARG"]
[EventCategory "6"]
[SourceTitle "EXT 2003"]
[Source "ChessBase"]
[SourceDate "2002.11.25"]
[SourceVersion "1"]
[SourceVersionDate "2002.11.25"]
[SourceQuality "1"]

1. e4 c5 2. Nf3 e6 3. d4 cxd4 4. Nxd4 Nc6 5. Nb5 d6 6. c4 Nf6 7. N1c3 a6 8. Na3 Be7 9. Be2 0-0 10. Be3 b6 11. 0-0 Ne5 12. f3 Qc7 13. Rc1 Ned7 14. Qd2 Bb7 15. Rfd1 Rac8 16. Bf1 Qb8 17. Nc2 Bd8 18. Kh1 Bc7 19. Bg1 Kh8 20. Nb4 0-1

[Event "Golden Valley rap"]
[Site "Viedma"]
[Date "2002.08.??"]
[Round "5"]
[White "Bonaveri, Agustin"]
[Black "Liascovich, Lucas Agustin"]
[Result "0-1"]
[WhiteElo "2356"]
[BlackElo "2328"]
[PlyCount "52"]
[EventDate "2002.08.23"]
[EventType "tourn (rapid)"]
[EventRounds "9"]
[EventCountry "ARG"]
[EventCategory "6"]
[SourceTitle "EXT 2003"]
[Source "ChessBase"]
[SourceDate "2002.11.25"]
[SourceVersion "1"]
[SourceVersionDate "2002.11.25"]
[SourceQuality "1"]

1. e4 c5 2. d3 Nc6 3. g3 g6 4. Bg2 Bg7 5. f4 d6 6. Nf3 Nf6 7. 0-0 0-0 8. Na3 Rb8 9. c3 b5 10. Nc2 c4 11. dxc4 bxc4 12. Qe2 Bb7 13. Nfd4 Nxd4 14. cxd4 Qb6 15. Kh1 Ba6 16. Qe1 c3 17. bxc3 Bxf1 18. Qxf1 Rfc8 19. Qe1 e5 20. fxe5 dxe5 21. dxe5 Ng4 22. Ne3 Nxe5 23. Nd5 Qe6 24. Bf4 Rb2 25. Qe3 Rcb8 26. Nb4 a5 0-1

[Event "Golden Valley rap"]
[Site "Viedma"]
[Date "2002.08.??"]
[Round "4"]
[White "Giardelli, Sergio Carlos"]
[Black "Bonaveri, Agustin"]
[Result "1-0"]
[WhiteElo "2437"]
[BlackElo "2356"]
[PlyCount "49"]
[EventDate "2002.08.23"]
[EventType "tourn (rapid)"]
[EventRounds "9"]
[EventCountry "ARG"]
[EventCategory "6"]
[SourceTitle "EXT 2003"]
[Source "ChessBase"]
[SourceDate "2002.11.25"]
[SourceVersion "1"]
[SourceVersionDate "2002.11.25"]
[SourceQuality "1"]

1. d4 Nf6 2. Nf3 g6 3. g3 Bg7 4. Bg2 0-0 5. 0-0 d6 6. Nc3 Nbd7 7. e4 e5 8. h3 exd4 9. Nxd4 Nc5 10. Nb3 Nfd7 11. Be3 Re8 12. Bd4 Nxb3 13. axb3 Ne5 14. f4 Nc6 15. Bxg7 Kxg7 16. f5 f6 17. Nd5 g5 18. h4 gxh4 19. Qg4+ Kh8 20. Qxh4 Rg8 21. Nxf6 Rg7 22. g4 Ne5 23. g5 Nd7 24. Rad1 Nxf6 25. gxf6 1-0

[Event "Golden Valley rap"]
[Site "Viedma"]
[Date "2002.08.??"]
[Round "6"]
[White "Sorin, Ariel"]
[Black "Bonaveri, Agustin"]
[Result "1-0"]
[WhiteElo "2528"]
[BlackElo "2356"]
[PlyCount "39"]
[EventDate "2002.08.23"]
[EventType "tourn (rapid)"]
[EventRounds "9"]
[EventCountry "ARG"]
[EventCategory "6"]
[SourceTitle "EXT 2003"]
[Source "ChessBase"]
[SourceDate "2002.11.25"]
[SourceVersion "1"]
[SourceVersionDate "2002.11.25"]
[SourceQuality "1"]

1. d4 Nf6 2. c4 c5 3. d5 d6 4. Nc3 g6 5. e4 Bg7 6. Bd3 0-0 7. Bg5 h6 8. Bh4 e6 9. dxe6 Bxe6 10. f4 Nc6 11. Nge2 Qa5 12. 0-0 Ng4 13. f5 Ne3 14. Qd2 Nxc4 15. Bxc4 Bxc4 16. f6 Bh8 17. Qxh6 Nd4 18. Nf4 Rfe8 19. Bg5 Qc7 20. Nxg6 1-0

[Event "Metropolitano Superior op"]
[Site "Buenos Aires"]
[Date "2002.06.29"]
[Round "3.3"]
[White "Bonaveri, Agustin"]
[Black "Converset, Juan Jose"]
[Result "1-0"]
[WhiteElo "2348"]
[BlackElo "2229"]
[PlyCount "55"]
[EventDate "2002.06.24"]
[EventType "swiss"]
[EventRounds "7"]
[EventCountry "ARG"]
[SourceTitle "CBM 089 Extra"]
[Source "ChessBase"]
[SourceDate "2002.09.10"]
[SourceVersion "2"]
[SourceVersionDate "2002.09.10"]
[SourceQuality "1"]

1. c4 g6 2. Nc3 Bg7 3. g3 e5 4. Bg2 Ne7 5. e3 c5 6. Nge2 Nbc6 7. a3 d6 8. Rb1 Be6 9. Nd5 Qa5 10. Nec3 Bxd5 11. cxd5 Nd8 12. b4 cxb4 13. axb4 Qc7 14. 0-0 h5 15. h4 g5 16. hxg5 h4 17. Qg4 hxg3 18. fxg3 Qd7 19. Qxd7+ Kxd7 20. d3 Rh5 21. e4 Rc8 22. Rb3 a6 23. Bf3 Rh8 24. Bg4+ Ke8 25. Bxc8 Nxc8 26. b5 axb5 27. Nxb5 Bf8 28. Be3 1-0

[Event "ARG-ch Superior"]
[Site "Buenos Aires"]
[Date "2002.??.??"]
[Round "2"]
[White "Bonaveri, Agustin"]
[Black "Bibiloni, Jorge Jaime"]
[Result "1-0"]
[WhiteElo "2356"]
[BlackElo "2210"]
[PlyCount "67"]
[EventDate "2002.09.15"]
[EventType "swiss"]
[EventRounds "9"]
[EventCountry "ARG"]
[SourceTitle "CBM 090 Extra"]
[Source "ChessBase"]
[SourceDate "2002.11.07"]
[SourceVersion "1"]
[SourceVersionDate "2002.11.07"]
[SourceQuality "1"]

1. e4 e5 2. Nf3 Nc6 3. Bc4 Nf6 4. d3 Be7 5. 0-0 0-0 6. c3 d6 7. Bb3 h6 8. Nbd2 Re8 9. Nc4 Be6 10. Re1 Bf8 11. h3 Qd7 12. Nh4 d5 13. exd5 Bxd5 14. Nf3 e4 15. dxe4 Bxe4 16. Qxd7 Nxd7 17. Bf4 Rac8 18. Ncd2 Nc5 19. Nxe4 Rxe4 20. Rxe4 Nxe4 21. Rd1 Nd6 22. Bd5 Ne7 23. Bxd6 cxd6 24. Bxb7 Rb8 25. Ba6 Rxb2 26. Rxd6 Rxa2 27. Bc4 Ra1+ 28. Kh2 Nf5 29. Rd7 Nd6 30. Bd5 Rc1 31. Ne5 Rxc3 32. Ng6 Rd3 33. Rd8 Rxd5 34. Ne7+ 1-0

[Event "Buenos Aires Intercoop 28th"]
[Site "Buenos Aires"]
[Date "2002.??.??"]
[Round "2"]
[White "Bonaveri, Agustin"]
[Black "Flamhum, Hernan"]
[Result "1-0"]
[WhiteElo "2356"]
[BlackElo "2140"]
[PlyCount "61"]
[EventDate "2002.08.24"]
[EventType "team"]
[EventRounds "7"]
[EventCountry "ARG"]
[SourceTitle "EXT 2003"]
[Source "ChessBase"]
[SourceDate "2002.11.25"]
[SourceVersion "1"]
[SourceVersionDate "2002.11.25"]
[SourceQuality "1"]

1. e4 e6 2. d4 d5 3. Nd2 Nf6 4. e5 Nfd7 5. c3 c5 6. f4 Nc6 7. Ndf3 Be7 8. Bd3 f6 9. Ne2 0-0 10. 0-0 Kh8 11. Be3 Rb8 12. exf6 gxf6 13. c4 e5 14. dxe5 dxc4 15. exf6 Bxf6 16. Bxc4 Bxb2 17. Rb1 Qe7 18. Rxb2 Qxe3+ 19. Kh1 Nf6 20. Rb3 Qe7 21. Qc1 Bf5 22. Ng3 Ng4 23. h3 Nh6 24. Nh5 Nd4 25. Qb2 Rfd8 26. Re1 Qc7 27. Re8+ Rxe8 28. Nxd4 Re1+ 29. Kh2 Rb1 30. Qc3 Rc1 31. Nc2+ 1-0

[Event "ARG-ch Superior"]
[Site "Buenos Aires"]
[Date "2002.??.??"]
[Round "7"]
[White "Bonaveri, Agustin"]
[Black "Julia, Ernesto"]
[Result "1/2-1/2"]
[WhiteElo "2356"]
[BlackElo "2399"]
[PlyCount "209"]
[EventDate "2002.09.15"]
[EventType "swiss"]
[EventRounds "9"]
[EventCountry "ARG"]
[SourceTitle "CBM 090 Extra"]
[Source "ChessBase"]
[SourceDate "2002.11.07"]
[SourceVersion "1"]
[SourceVersionDate "2002.11.07"]
[SourceQuality "1"]

1. e4 e6 2. d4 d5 3. Nd2 Nf6 4. e5 Nfd7 5. c3 c5 6. f4 cxd4 7. cxd4 Nc6 8. Ndf3 Nb6 9. Bd3 Bd7 10. Ne2 a5 11. Nc3 a4 12. 0-0 Be7 13. g4 Qc8 14. Be3 Nb4 15. Rc1 Nxd3 16. Qxd3 Qc4 17. Qb1 Qa6 18. f5 Nc4 19. Bf4 Qb6 20. Rf2 g5 21. Bg3 h5 22. h3 hxg4 23. hxg4 Ne3 24. fxe6 Bxe6 25. Qd3 Nxg4 26. Rfc2 Nh6 27. Rh2 Rc8 28. Rf1 Qc6 29. Qd2 Kd7 30. Rc1 Nf5 31. Rxh8 Rxh8 32. Kg2 g4 33. Ng5 Qc4 34. Bf2 g3 35. Bxg3 Qxd4 36. Qxd4 Nxd4 37. Nxe6 Kxe6 38. Rd1 Nf5 39. Nxd5 Nxg3 40. Kxg3 Rd8 41. Nf4+ Kxe5 42. Re1+ Kd6 43. Kg4 Bf6 44. b3 axb3 45. axb3 Kc6 46. Kf5 Bh8 47. Rc1+ Kb6 48. Rc4 Rd7 49. Ke4 Ka5 50. Nd3 b5 51. Rc8 Bd4 52. Nf4 f5+ 53. Kxf5 Kb4 54. Rb8 Ba7 55. Ra8 Kxb3 56. Ke6 Rh7 57. Kd5 b4 58. Nd3 Rd7+ 59. Ke4 Re7+ 60. Kd5 Rd7+ 61. Ke4 Rd4+ 62. Ke3 Bb6 63. Rb8 Rd6+ 64. Ke4 Kc4 65. Nxb4 Kxb4 66. Ke5 Rc6 67. Kd5 Kb5 68. Rg8 Rc1 69. Rb8 Rd1+ 70. Ke4 Kc6 71. Rc8+ Bc7 72. Rg8 Ra1 73. Rg6+ Bd6 74. Rg5 Rf1 75. Rf5 Rh1 76. Rg5 Rh4+ 77. Kd3 Bc5 78. Rf5 Bd6 79. Ke3 Kd7 80. Kd3 Ke6 81. Rb5 Be5 82. Rb7 Rd4+ 83. Ke3 Rc4 84. Kd3 Rd4+ 85. Ke3 Ra4 86. Kd3 Ra3+ 87. Ke4 Bd6 88. Rb5 Ra4+ 89. Kd3 Be5 90. Rb7 Rh4 91. Ke3 Kf5 92. Rf7+ Bf6 93. Kd3 Rd4+ 94. Ke3 Rc4 95. Rd7 Rc3+ 96. Rd3 Rc2 97. Rb3 Rc4 98. Rb5+ Be5 99. Rd5 Rh4 100. Rd3 Rh2 101. Kf3 Rh3+ 102. Ke2 Rh1 103. Rf3+ Bf4 104. Rf1 Rh7 105. Kd3 1/2-1/2

[Event "Buenos Aires Intercoop 28th"]
[Site "Buenos Aires"]
[Date "2002.??.??"]
[Round "3"]
[White "Mela, Benjamin"]
[Black "Bonaveri, Agustin"]
[Result "0-1"]
[WhiteElo "2322"]
[BlackElo "2356"]
[PlyCount "45"]
[EventDate "2002.08.24"]
[EventType "team"]
[EventRounds "7"]
[EventCountry "ARG"]
[SourceTitle "EXT 2003"]
[Source "ChessBase"]
[SourceDate "2002.11.25"]
[SourceVersion "1"]
[SourceVersionDate "2002.11.25"]
[SourceQuality "1"]

1. e4 c5 2. Nf3 d6 3. d4 cxd4 4. Nxd4 Nf6 5. Nc3 a6 6. Be3 e5 7. Nb3 Be6 8. Qd2 Nbd7 9. f3 Rc8 10. g4 h6 11. h4 b5 12. Rg1 Nb6 13. g5 hxg5 14. hxg5 Nfd7 15. Na5 b4 16. Nd1 d5 17. Bxa6 Ra8 18. Nc6 Qc7 19. Bb5 d4 20. Bf2 Bc4 21. Nxd4 exd4 22. Bxd7+ Nxd7 23. b3 0-1

[Event "Najdorf Memorial op"]
[Site "Buenos Aires"]
[Date "2001.08.04"]
[Round "8.2"]
[White "Bonaveri, Agustin"]
[Black "Fiorito, Fabian"]
[Result "0-1"]
[WhiteElo "2335"]
[BlackElo "2386"]
[PlyCount "93"]
[EventDate "2001.07.??"]
[EventType "swiss"]
[EventRounds "9"]
[EventCountry "ARG"]
[SourceTitle "EXT 2002"]
[Source "ChessBase"]
[SourceDate "2001.11.25"]
[SourceVersion "1"]
[SourceVersionDate "2001.11.25"]
[SourceQuality "1"]

1. e4 c5 2. Nf3 e6 3. d4 cxd4 4. Nxd4 a6 5. Bd3 Qc7 6. 0-0 Nf6 7. Qe2 d6 8. f4 Be7 9. c4 0-0 10. Nc3 Nbd7 11. Kh1 b6 12. Bd2 Bb7 13. Rae1 Rfd8 14. f5 e5 15. Nf3 Rdc8 16. Rc1 Qd8 17. b4 g6 18. Ng5 Kg7 19. Qf3 h6 20. Nh3 g5 21. Nf2 Bc6 22. Nfd1 b5 23. Ne3 bxc4 24. Bxc4 Nb6 25. Bb3 Bb7 26. Ncd5 Nbxd5 27. Nxd5 Rxc1 28. Rxc1 Nxd5 29. Bxd5 Bxd5 30. exd5 Rc8 31. Qd3 Rxc1+ 32. Bxc1 Qb6 33. Bd2 Qf2 34. h3 Bf6 35. a4 e4 36. Qe3 Qxf5 37. Bc3 Qxd5 38. Bxf6+ Kxf6 39. Qb6 Qd3 40. b5 axb5 41. a5 e3 42. a6 e2 43. Qf2+ Kg7 44. a7 Qd1+ 45. Kh2 e1Q 46. Qxe1 Qxe1 47. a8Q 0-1

[Event "Najdorf Memorial op"]
[Site "Buenos Aires"]
[Date "2001.07.30"]
[Round "4.4"]
[White "Molchanov, Yevhen"]
[Black "Bonaveri, Agustin"]
[Result "0-1"]
[WhiteElo "2110"]
[BlackElo "2335"]
[PlyCount "78"]
[EventDate "2001.07.??"]
[EventType "swiss"]
[EventRounds "9"]
[EventCountry "ARG"]
[SourceTitle "EXT 2002"]
[Source "ChessBase"]
[SourceDate "2001.11.25"]
[SourceVersion "1"]
[SourceVersionDate "2001.11.25"]
[SourceQuality "1"]

1. d4 Nf6 2. c4 g6 3. Nc3 Bg7 4. e4 d6 5. Nf3 0-0 6. Be2 c5 7. 0-0 Nc6 8. d5 Na5 9. Nd2 e5 10. a3 b6 11. b4 Nb7 12. bxc5 Nxc5 13. a4 Nfd7 14. Ba3 f5 15. f3 Bh6 16. Nb3 Be3+ 17. Kh1 Qh4 18. Bc1 Nxb3 19. Qxb3 Bd4 20. Bd2 Nc5 21. Qc2 Bd7 22. Be1 Qh6 23. Bd2 g5 24. Ra3 f4 25. Nb5 Rf6 26. Nxd4 exd4 27. Qb2 Qh5 28. Qxd4 Rh6 29. Qg1 Rf8 30. g4 fxg3 31. Qxg3 Rg6 32. a5 bxa5 33. Rf2 a4 34. Bc3 g4 35. fxg4 Rxf2 36. Qxf2 Bxg4 37. Bxg4 Qxg4 38. Be1 Qxe4+ 39. Rf3 Rf6 0-1

[Event "Buenos Aires mT"]
[Site "Buenos Aires"]
[Date "2001.??.??"]
[Round "2"]
[White "Paglilla, Carlos"]
[Black "Bonaveri, Agustin"]
[Result "1/2-1/2"]
[WhiteElo "2389"]
[BlackElo "2338"]
[PlyCount "54"]
[EventDate "2001.??.??"]
[EventType "team"]
[EventRounds "2"]
[EventCountry "ARG"]
[SourceTitle "EXT 2002"]
[Source "ChessBase"]
[SourceDate "2001.11.25"]
[SourceVersion "1"]
[SourceVersionDate "2001.11.25"]
[SourceQuality "1"]

1. e4 c5 2. Nc3 Nc6 3. g3 g6 4. Bg2 Bg7 5. d3 d6 6. f4 e6 7. Nf3 Nge7 8. 0-0 0-0 9. Be3 Nd4 10. Qd2 Rb8 11. Nd1 f5 12. c3 Nxf3+ 13. Bxf3 b6 14. d4 fxe4 15. Bxe4 Bb7 16. Bc2 Nf5 17. Bb3 Qd7 18. Bf2 Kh8 19. d5 b5 20. g4 Nh6 21. Ne3 c4 22. Bc2 Rxf4 23. Bg3 Rxf1+ 24. Rxf1 Rf8 25. Rxf8+ Bxf8 26. Qd4+ Bg7 27. Qxa7 exd5 1/2-1/2

[Event "Buenos Aires Clas Abierto op"]
[Site "Buenos Aires"]
[Date "2000.08.23"]
[Round "5"]
[White "Albores, Pablo"]
[Black "Bonaveri, Agustin"]
[Result "1/2-1/2"]
[WhiteElo "2220"]
[BlackElo "2338"]
[PlyCount "91"]
[EventDate "2000.08.19"]
[EventType "swiss"]
[EventRounds "9"]
[EventCountry "ARG"]
[SourceTitle "EXT 2001"]
[Source "ChessBase"]
[SourceDate "2000.11.22"]
[SourceVersion "1"]
[SourceVersionDate "2000.11.22"]
[SourceQuality "1"]

1. c4 g6 2. Nc3 Bg7 3. g3 e5 4. Bg2 d6 5. Nf3 f5 6. d3 Nf6 7. 0-0 0-0 8. Rb1 a5 9. a3 h6 10. b4 axb4 11. axb4 Nc6 12. b5 Ne7 13. c5 Be6 14. b6 c6 15. Bd2 dxc5 16. Nxe5 Nfd5 17. Nxd5 cxd5 18. d4 cxd4 19. Nd3 Nc6 20. Nc5 Qe7 21. Rb5 Bf7 22. Bf4 Ra5 23. Rxa5 Nxa5 24. Nd3 Nc4 25. Bc7 Ra8 26. Qc2 Qa3 27. Nf4 Qc3 28. Qd3 Ra5 29. h4 Rb5 30. h5 g5 31. Ng6 Qxd3 32. exd3 Nxb6 33. Bxb6 Rxb6 34. Ne7+ Kh7 35. Nxf5 Bxh5 36. Re1 Bg6 37. g4 Rf6 38. Bxd5 b6 39. Be4 Bf8 40. Ra1 Rf7 41. Rb1 Bc5 42. Kg2 Ra7 43. Rh1 Bxf5 44. Bxf5+ Kg7 45. Rb1 Ra2 46. Kf3 1/2-1/2

[Event "Intercoop tt 26th"]
[Site "Buenos Aires"]
[Date "2000.??.??"]
[Round "3"]
[White "Lafuente, Pablo"]
[Black "Bonaveri, Agustin"]
[Result "1-0"]
[WhiteElo "2256"]
[BlackElo "2345"]
[PlyCount "57"]
[EventDate "2000.??.??"]
[EventType "team"]
[EventRounds "5"]
[EventCountry "ARG"]
[SourceTitle "EXT 2003"]
[Source "ChessBase"]
[SourceDate "2002.11.25"]
[SourceVersion "1"]
[SourceVersionDate "2002.11.25"]
[SourceQuality "1"]

1. d4 Nf6 2. Nf3 c5 3. e3 e6 4. c4 d5 5. Nc3 Nc6 6. Ne5 Be7 7. Be2 0-0 8. 0-0 Qc7 9. cxd5 Nxe5 10. dxe5 Qxe5 11. f4 Qc7 12. dxe6 Bxe6 13. e4 Rfd8 14. Qe1 c4 15. Qg3 b5 16. e5 Nd5 17. f5 Nxc3 18. bxc3 Bd5 19. Kh1 Kh8 20. Bg4 Qc6 21. Be3 a5 22. Bd4 Bc5 23. Rad1 b4 24. Rf4 Bxd4 25. Rfxd4 bxc3 26. Qxc3 Bxg2+ 27. Kg1 Rxd4 28. Qxd4 Bf3 29. Bxf3 1-0

[Event "Buenos Aires Intercoop 25th"]
[Site "Buenos Aires"]
[Date "1999.??.??"]
[Round "?"]
[White "Perelman, Hernan"]
[Black "Bonaveri, Agustin"]
[Result "1/2-1/2"]
[WhiteElo "2102"]
[BlackElo "2345"]
[PlyCount "36"]
[EventDate "1999.08.??"]
[EventType "team"]
[EventRounds "6"]
[EventCountry "ARG"]
[SourceTitle "EXT 2002"]
[Source "ChessBase"]
[SourceDate "2001.11.25"]
[SourceVersion "1"]
[SourceVersionDate "2001.11.25"]
[SourceQuality "1"]

1. d4 Nf6 2. c4 c5 3. d5 e6 4. Nc3 exd5 5. cxd5 d6 6. Nf3 g6 7. g3 Bg7 8. Bg2 0-0 9. 0-0 Na6 10. Nd2 Nc7 11. Nc4 b5 12. Nxd6 b4 13. Nce4 Nfxd5 14. Nxc8 Rxc8 15. Nxc5 Qe7 16. Nd3 Rfd8 17. Re1 Ne6 18. Bxd5 Rxd5 1/2-1/2

[Event "Mar del Plata op"]
[Site "Mar del Plata"]
[Date "1997.??.??"]
[Round "7"]
[White "Bonaveri, Agustin"]
[Black "Slipak, Sergio"]
[Result "0-1"]
[WhiteElo "2335"]
[BlackElo "2505"]
[PlyCount "114"]
[EventDate "1997.03.??"]
[EventType "swiss"]
[EventRounds "9"]
[EventCountry "ARG"]
[SourceTitle "EXT 1998"]
[Source "ChessBase"]
[SourceDate "1997.11.17"]
[SourceVersion "1"]
[SourceVersionDate "1997.11.17"]
[SourceQuality "1"]

1. e4 e5 2. Nf3 Nc6 3. Bc4 Bc5 4. c3 Nf6 5. d3 a6 6. Nbd2 0-0 7. 0-0 d6 8. Bb3 Ba7 9. Nc4 h6 10. Re1 Kh7 11. d4 exd4 12. Nxd4 Nxd4 13. cxd4 Nxe4 14. Rxe4 d5 15. Rf4 g5 16. Qh5 gxf4 17. Bxf4 Qf6 18. Bc2+ Kg8 19. Bxh6 Re8 20. Bh7+ Kh8 21. Ne5 Rxe5 22. dxe5 Bg4 23. exf6 Bxh5 24. Bd3 Re8 25. h3 Kg8 26. Bf4 c6 27. g4 Bg6 28. Bxg6 fxg6 29. Kf1 Re4 30. Bg3 g5 31. Re1 Rxe1+ 32. Kxe1 Bd4 33. b3 Bxf6 34. f4 gxf4 35. Bxf4 Kf7 36. Ke2 c5 37. Bg3 b5 38. h4 c4 39. Kd2 d4 40. bxc4 bxc4 41. g5 Be7 42. Be5 Bb4+ 43. Ke2 d3+ 44. Ke3 Kg6 45. Bf6 Be1 46. Be5 Bxh4 47. Bc3 Bxg5+ 48. Kf3 Kf5 49. Bb4 Ke5 50. Bc3+ Kd5 51. a4 Kc5 52. Kf2 Kd5 53. Kf3 Be7 54. Ke3 Bc5+ 55. Kd2 Bd4 56. Ba5 Ke4 57. Bb4 c3+ 0-1

[Event "Buenos Aires FMDA-chT"]
[Site "Buenos Aires"]
[Date "1996.??.??"]
[Round "6"]
[White "Bonaveri, Agustin"]
[Black "Palmiero, Oscar Alberto"]
[Result "1-0"]
[WhiteElo "2290"]
[BlackElo "2042"]
[PlyCount "59"]
[EventDate "1996.??.??"]
[EventType "team"]
[EventRounds "8"]
[EventCountry "ARG"]
[SourceTitle "EXT 2001"]
[Source "ChessBase"]
[SourceDate "2000.11.22"]
[SourceVersion "1"]
[SourceVersionDate "2000.11.22"]
[SourceQuality "1"]

1. e4 c5 2. Nf3 d6 3. d4 cxd4 4. Nxd4 Nf6 5. Nc3 a6 6. Bc4 e6 7. Bb3 Be7 8. 0-0 0-0 9. f4 Nc6 10. Be3 Na5 11. f5 Nxb3 12. axb3 e5 13. Nde2 Ng4 14. Qd3 Nxe3 15. Qxe3 f6 16. Nd5 b5 17. Nec3 Bb7 18. Rfd1 Re8 19. Rd2 Bxd5 20. Nxd5 Qb8 21. b4 Bf8 22. Rd3 Qa7 23. Rda3 Qxe3+ 24. Nxe3 Reb8 25. Rxa6 Rxa6 26. Rxa6 g6 27. Nd5 gxf5 28. exf5 Rb7 29. Nxf6+ Kf7 30. Nd5 1-0

[Event "Mar del Plata op"]
[Site "Mar del Plata"]
[Date "1996.??.??"]
[Round "8"]
[White "Bonaveri, Agustin"]
[Black "Paz, Victor Jorge"]
[Result "1-0"]
[WhiteElo "2290"]
[BlackElo "2280"]
[PlyCount "57"]
[EventDate "1996.??.??"]
[EventType "swiss"]
[EventRounds "9"]
[EventCountry "ARG"]
[SourceTitle "CBM 051 Extra"]
[Source "ChessBase"]
[SourceDate "1996.05.01"]
[SourceVersion "1"]
[SourceVersionDate "1996.05.01"]
[SourceQuality "1"]

1. e4 c5 2. Nf3 e6 3. d4 cxd4 4. Nxd4 Nf6 5. Nc3 d6 6. Bc4 Nc6 7. Be3 Be7 8. Qe2 0-0 9. 0-0-0 Qc7 10. Rhg1 a6 11. Bb3 b5 12. g4 Na5 13. g5 Nxb3+ 14. axb3 Nd7 15. Nf5 exf5 16. Nd5 Qd8 17. exf5 Bb7 18. f6 Bxd5 19. fxe7 Qxe7 20. Rxd5 Rac8 21. Rgd1 Rc6 22. Qd2 Nc5 23. Kb1 Qe6 24. Qd4 Nb7 25. Bd2 Qg6 26. Bc3 Re8 27. f4 f6 28. Rg1 Qe4 29. gxf6 1-0

[Event "Mar del Plata op"]
[Site "Mar del Plata"]
[Date "1996.??.??"]
[Round "5"]
[White "Hoffman, Alejandro"]
[Black "Bonaveri, Agustin"]
[Result "0-1"]
[WhiteElo "2410"]
[BlackElo "2290"]
[PlyCount "70"]
[EventDate "1996.??.??"]
[EventType "swiss"]
[EventRounds "9"]
[EventCountry "ARG"]
[SourceTitle "CBM 051 Extra"]
[Source "ChessBase"]
[SourceDate "1996.05.01"]
[SourceVersion "1"]
[SourceVersionDate "1996.05.01"]
[SourceQuality "1"]

1. d4 Nf6 2. c4 c5 3. d5 g6 4. Nc3 d6 5. e4 Bg7 6. Bd3 0-0 7. h3 e6 8. Nf3 Na6 9. 0-0 Nc7 10. Re1 e5 11. Bg5 h6 12. Bd2 Nh5 13. Qc1 Kh7 14. g4 Qf6 15. Ng5+ Kh8 16. gxh5 gxh5 17. Be2 Qg6 18. Qd1 hxg5 19. Bxh5 Qh7 20. Bg4 f5 21. exf5 Bxf5 22. Kg2 e4 23. Bxf5 Rxf5 24. Nxe4 Raf8 25. Be3 b5 26. b3 Qh4 27. Ng3 Rf3 28. Rc1 g4 29. hxg4 Qxg4 30. Rh1+ Kg8 31. Rg1 Be5 32. Qe1 R8f7 33. Rh1 Bxg3 34. fxg3 Qe4 35. Bf4 Re3+ 0-1